000 00446nam a2200181Ia 4500
001 8671
005 20260306160627.0
008 260306t2005||||xx |||||||||||||| ||spa||
041 _aESP
082 _a371.27
_bS56
100 _aSimpe Poma, Luis
_eAUT
245 0 _aEvaluación educativa:
_benfoques para un debate abierto
260 _c2005
300 _a96 pƔginas :
_c23 cm.
650 _aGEN
654 _aCED
942 _cLIB
_dJUS
_fJUS
_2ddc
_n
999 _c8671
_d8671